Statistics for Roblox Find The Kirbys Quiz

Click here to take the quiz!

General Stats

  • This quiz has been taken 9 times
  • The average score is 38 of 190

Answer Stats

Hint Answer % Correct
In game all yearBlack Kirby
83%
SeasonalSanta Kirby
67%
In game all yearBlue Kirby
67%
In game all yearPurple Kirby
67%
In game all yearYellow Kirby
67%
In game all yearQuiz Kirby
67%
In game all yearRed Kirby
67%
In game all yearOrange Kirby
67%
In game all yearSword Kirby
50%
In game all yearSmoke Kirby
50%
SeasonalBunny Kirby
50%
In game all yearBat Kirby
50%
In game all yearCreeper Kirby
50%
In game all yearZombie Kirby
50%
In game all yearAlien Kirby
50%
In game all yearTeamwork Kirby
50%
In game all yearPink Kirby
50%
In game all yearCactus Kirby
50%
In game all yearMeta Knight
50%
In game all yearKing Dedede
50%
In game all yearWaddle Doo
50%
In game all yearWaddle Dee
50%
In game all yearOriginal Kirby
50%
In game all yearNoob Kirby
50%
In game all yearSnow Kirby
50%
In game all yearAncient Statue Kirby
50%
In game all yearSteve Kirby
50%
In game all yearGreen Kirby
50%
In game all yearCheckered Kirby
50%
In game all yearCamper Kirby
33%
In game all yearBronze Kirby
33%
In game all yearLava Kirby
33%
In game all yearTire Kirby
33%
In game all yearTeal Kirby
33%
In game all yearRobux Kirby
33%
In game all yearTix Kirby
33%
In game all yearFreddy Kir-bear
33%
In game all yearIce Kirby
33%
In game all yearPaper Kirby
33%
In game all year1337 Kirby
33%
In game all yearDirt Kirby
33%
In game all yearYo yo Kirby
33%
In game all yearRoblox Kirby
33%
In game all yearPencil Kirby
33%
SeasonalRudolph Kirby
33%
In game all yearCamo Kirby
33%
In game all yearApple Kirby
33%
In game all yearHammer Kirby
33%
In game all yearCutter Kirby
33%
In game all yearCow Kirby
33%
In game all yearSpace Kirby
33%
In game all yearMario Kirby
33%
In game all yearNinja Kirby
33%
In game all yearEpic Yarn Kirby
33%
In game all yearSnowman Kirby
33%
In game all yearBrown Kirby
33%
In game all yearFire Kirby
33%
In game all yearBomb Kirby
33%
In game all yearStriped Kirby
33%
In game all yearSleep Kirby
33%
In game all yearAngry Bird Kirby
33%
In game all yearJedi Kirby
33%
In game all yearGold Kirby
33%
In game all yearMusic Note Kirby
33%
In game all yearSilver Kirby
33%
In game all yearRainbow Kirby
33%
In game all yearCheese Kirby
17%
In game all yearSlime Kirby
17%
In game all yearDuck Kirby
17%
In game all yearLeaf Kirby
17%
In game all yearCloud Kirby
17%
In game all yearDust Kirby
17%
In game all yearMarble Kirby
17%
In game all yearWrecking Ball Kirby
17%
In game all yearGranite Kirby
17%
In game all yearWatermelon Kirby
17%
In game all yearWorm Kirby
17%
In game all yearChicken Kirby
17%
In game all yearLaser Kirby
17%
In game all yearSpider Kirby
17%
SeasonalHeart Kirby
17%
In game all yearPlaid Kirby
17%
In game all yearBee Kirby
17%
In game all yearSoccer Kirby
17%
In game all yearObby Kirby
17%
In game all yearBalloon Kirby
17%
In game all yearEmerald Kirby
17%
In game all yearSlender Man Kirby
17%
In game all yearRuby Kirby
17%
In game all yearShadow Kirby
17%
In game all yearLight Bulb Kirby
17%
In game all yearBusinessman Kirby
17%
In game all yearTechnical Kirby
17%
In game all yearPolice Kirby
17%
In game all yearNyan Cat Kirby
17%
In game all yearCookie Kirby
17%
In game all yearBall Kirby
17%
In game all yearBlack and White Kirby
17%
In game all yearGhost Kirby
17%
In game all yearDomo Kirby
17%
In game all yearTop Hat Kirby
17%
In game all yearSteel Kirby
17%
In game all yearWarpstar Kirby
17%
In game all yearSand Kirby
17%
In game all yearYinYang Kirby
17%
In game all yearPrince Kirby
17%
In game all yearAnnoying Orange Kirby
17%
In game all yearParasol Kirby
17%
In game all yearGrey Kirby
17%
In game all yearStone Kirby
17%
In game all yearNegative Kirby
17%
In game all yearMummy Kirby
17%
In game all yearWood Kirby
17%
In game all yearRock Kirby
17%
In game all yearTransparent Kirby
17%
In game all yearWater Kirby
17%
In game all yearPac Man Kirby
17%
In game all yearAngel Kirby
17%
In game all yearMic Kirby
17%
In game all yearFlipped Kirby
17%
In game all yearWhip Kirby
17%
In game all yearPrince Fluff
17%
In game all yearGuest Kirby
17%
In game all yearTiny Kirby
17%
In game all yearBright Kirby
17%
In game all yearChilly
0%
In game all yearRain Kirby
0%
In game all yearM&M Kirby
0%
In game all yearEarth Kirby
0%
In game all yearCaramel Kirby
0%
In game all yearLightning Kirby
0%
In game all yearRoad Kirby
0%
In game all yearUltra Vip Kirby
0%
In game all yearRed and White Kirby
0%
In game all yearPaint Splatter Kirby
0%
In game all yearCandy Kirby
0%
In game all yearChef Kirby
0%
In game all yearMutant Kirby
0%
In game all yearCyborg Kirby
0%
In game all yearBowling Ball Kirby
0%
In game all yearDevil Kirby
0%
In game all yearRocket Kirby
0%
In game all yearNarwhal Kirby
0%
SeasonalPumpkin Kirby
0%
In game all yearFabric Kirby
0%
In game all yearStud Kirby
0%
In game all yearHypernova Kirby
0%
In game all yearRobot Kirby
0%
In game all yearNeedle Kirby
0%
In game all yearMonkey Kirby
0%
In game all yearTinfoil Kirby
0%
In game all yearVip Kirby
0%
In game all yearButton Kirby
0%
In game all yearCoin Kirby
0%
In game all yearMega Vip Kirby
0%
In game all yearTornado Kirby
0%
In game all yearPeach Kirby
0%
In game all yearPolkadot Kirby
0%
In game all yearChocolate Kirby
0%
In game all yearMagenta Kirby
0%
In game all yearCoal Kirby
0%
In game all yearSuper Kirby
0%
In game all yearWheelie Kirby
0%
In game all yearMirror Kirby
0%
In game all yearNeon Kirby
0%
In game all yearFighter Kirby
0%
In game all yearSpartan Kirby
0%
In game all yearIce Cream Kirby
0%
In game all yearJelly Bean Kirby
0%
In game all yearEyeball Kirby
0%
In game all yearCaveman Kirby
0%
In game all yearPortal Kirby
0%
In game all yearCrystal Kirby
0%
In game all yearTr0ll Kirby
0%
In game all yearTiger Kirby
0%
In game all yearMoon Kirby
0%
In game all yearSun Kirby
0%
In game all yearSapphire Kirby
0%
In game all yearEpic Face Kirby
0%
In game all yearGrass Kirby
0%
In game all yearLime Green Kirby
0%
In game all yearNuclear Kirby
0%
In game all yearClock Kirby
0%
In game all yearU JELLY? Kirby
0%
In game all yearEaster Egg Kirby
0%
In game all yearShoop-Da-Whoop-Kirby
0%
In game all yearWaffle Kirby
0%
In game all yearBloxxer Kirby
0%
In game all yearBrick Kirby
0%
In game all yearFishing Kirby
0%

Score Distribution

Percentile by Number Answered

Percent of People with Each Score

Your Score History

You have not taken this quiz